000 00828nam0a22002411 4500
001 rc\431981
005 20030616170814.9
035 _a(NLR Aleph) 005678637
090 _a7050936
_c7050936
100 _a20030616d1987 u y0rusy50 ca
101 0 _arus
102 _aRU
105 _aa |||||||||
200 1 _aСпутники внешних планет и Плутон
210 _aМ.
_cЗнание
_d1987
215 _a63, [1] с.
_cил.
_d20
225 1 _aНовое в жизни, науке, технике
_iКосмонавтика, астрономия
_v6/1987
700 1 _4070
_7ca
_8rus
_aКсанфомалити
_bЛ. В.
_f1932-2019
_gЛеонид Васильевич
_9115399
_3RU\NLR\AUTH\775435
801 0 _aRU
_bNLR
_gpsbo
801 1 _aRU
_bELAR
_2rusmarc
852 _aNLR
_j87-4/10483
942 _cBOOK
980 _aNB